000
00304nam a22001337a 4500
008
170606b xxu||||| |||| 00| 0 eng d
020
_a
0871871661
041
_a
eng
080
_a
32
100
_a
18
101
_a
SHP
245
_a
ENERGY, POLITICS AND PUBLIC POLICY
_c
ROSENBAUM,W.A
942
_2
udc
_c
BK
999
_c
16201
_d
16201